000
00251 a2200097 4500
001
17443
100
_a
I.E.E.E
245
_a
Electrical and electronics graphic symbols and reference designations
260
_a
_b
I.E.E.E press
_c
090
_c
12885
_d
12885
942
_a
NUST-CAE
_c
M
_c
3208
999
_c
252516
_d
252516